Quizzes
Events
Quiz Creation
Community
Videos
Private Events
Remove Ads
Sign In
Join for FREE
Feedback
Dark Mode
Quiz Categories
Sports
Geography
Music
Movies
Television
Just For Fun
Miscellaneous
History
Literature
Language
Science
Gaming
Entertainment
Religion
Holiday
For Kids
Quiz Lab
Recent
Popular Today
Quiz Kudos Today
Editor Picks
Curator Picks
Quizzes by...
Day
Popularity
Type
Ratings
Length
Year
Community
Subscriptions
Recent Discussions
Orange Saloon
Badges
Playlists
Quests
Create
Leaderboards
Showdown
Live 5
Trivia Bingo
Activity
Puzzle Library
Sporcle Events
Private Events
Virtual Trivia
Globe League
Become a Host
Pub Owners
SporcleCon
Opinionation
Our Games
Videos
Blog
Mobile Apps
Partnerships
Remove Ads and Go Orange
Feedback
Literature
Harry Potter
A Song of Ice and Fire
The Hunger Games
Literary Character
Shakespeare
Book
Author
Novel
Poem
Young Adult
Children's Books
Play
Lord of the Rings
Literature
Harry Potter
A Song of Ice and Fire
The Hunger Games
Literary Character
Shakespeare
Book
Author
Novel
Poem
Young Adult
Children's Books
Play
Lord of the Rings
Random Quiz
Search Sporcle
×
Quiz Lab
Quiz Lab
Literature
Harry Potter
Type in answers that appear in a list
Type in answers that appear in a list
Classic
Best Score? Go Orange.
Harry Potter Word Ladder Stats
Can you name the four letter words that relate to the Harry Potter books?
By
Dumbledorefan37
2m
11 Questions
3,314 Plays
3,314 Plays
3,314 Plays
Comments
Comments
Give Quiz Kudos
Give Quiz Kudos
-
- Ratings
hide this ad
Forced Order
Answers have to be entered in order
Answers have to be entered in order
Replay
Link that replays current quiz
Next Quiz
Link to next quiz in quiz playlist
You Got
0%
They Got
Avg Score
78%
Avg Friend Score
Upgrade to see
Score Distribution
Jump to the score distribution portion of the page
Score
0/11
Timer
02:00
0
Plays Today
Hint
Answer
% Correct
Wizards use this to perform magic
Wand
99.8%
Chapter 11 is titled Hermiones Helping *blank*
Hand
94.8%
This substance is inside a time turner
Sand
90.6%
Wizards do this with mail by owl
Send
89.5%
Madam Pomfrey does this to broken bones
Mend
87.2%
Ollivander and other wand makers do this to a wand to figure out what kind it is
Bend
76.5%
Harry *blanks* Godric Gryffindor's sword at the bottom of a pond
Find
73.7%
Harry's contains a feather from Fawkes the phoenix
Wand
72%
The spell deprimo creates this
Wind
63.5%
Voldemort and Harry have this so they can see into eachother's mind
Bond
61.5%
Ginny is this of Harry
Fond
58.9%
Quiz Playlist
Details
Report
Send in Message
Add To Playlist
Classic:
Type in answers that appear in a list
Forced Order:
Answers have to be entered in order
Quiz Source
Last Updated: May 29, 2017
Quiz Scoreboard
CHALLENGE
Sign Up to Join the Scoreboard
Show All
Scores
Hide
Comments
May contain spoilers
Recently Published
Decade Duel: World Leaders
by jenniferyan
History
4m
Alphabetical 'K' Countries by Flag Minefield
by ylime102
Geography
3m
Pick 6: Fruits
by JohnFran
Miscellaneous
15s
More to Explore
Quiz From the Vault
Featured Blog Post
15 Basketball Trivia Facts You Can Be March Mad About
hide this ad
You Might Also Like...
Tags
Book Quiz
Definition Quiz
Harry Potter Quiz
Letter Quiz
Word Ladder Quiz
Dictionary
four
relate
Today's Top Quizzes in Literature
Browse Literature
hide this ad
Today's Top Quizzes in Harry Potter
Browse Harry Potter
Top Contributed Quizzes in Literature
1
Season Plays
2
Pick 3: Harry Potter Hogwarts Quidditch Players
3
Harry Potter Characters: Logic Puzzle
4
Hogwarts Midnight Escape
5
Word Ladder: King's 'The Stand'
6
Harry Potter logic puzzle: Triwizard Tournament
7
Spring Reading List
8
Literature Acrostic Puzzle
9
Criteria Quiz: Harry Potter Gryffindors
10
4-to-1 Blitz: Harry Potter
Explore More
Trending Topics
Anime
Harry Potter
Kpop
Marvel
NBA
Crossword
Disney
Soccer
Song
WWE
NFL
The Office
Country
Puzzle
Pokémon
hide this ad
More By:
Dumbledorefan37
Quiz
Plays
Rating
Category
Featured
Created
Word Ladder: Movie Title
26,042
4.09
Just For Fun
Sep 9, 2012
Have a Harry Christmas
11,304
4.18
Literature
Nov 29, 2011
Harry Potter Word Ladder
3,314
3.32
Literature
Nov 25, 2011
Harry Potter: What House
1,342
4.50
Literature
Dec 4, 2011
Characters by Actors: New Girl
959
2.75
Television
Oct 29, 2012
Go to Creator's Profile
Score Distribution
Quiz Creator Spotlight
Dumbledorefan37
Follow
Send a Message
Quizzes Created
-
Created Quiz Play Count
-
More By This Creator
Popular Quizzes Today
1
Countries of Asia Without Outlines Minefield
2
Find the US States - No Outlines Minefield
3
Pick 6: Fruits
4
Alphabetical 'K' Countries by Flag Minefield
5
The Countries of the World
6
Find the Countries of Europe - No Outlines Minefield
7
Find the US States
8
US States
More Literature Quizzes
Who is Molly talking to?
Quiz Lab
Trending Quizzes
Pick 6: Mountains
Pick 6: Harry Potter
Pick 6: Flags
Pick 6: NFL Teams
Pick 6: Movie Franchises
Recently Updated
Adaptations: Name the Title
pecheneg
NWSL Teams
pecheneg
Women's Final Four Teams by Year
bhenderson79
Presidents Quartet II
eogle
Anything But Clue(do)
eogle
Anything But Oceanian Capitals
eogle
Anything But 7
eogle
Anything But Thing
eogle
Word Ladder: February 29
pecheneg
Song Title Questions
pecheneg
Trending Topics
Anime
Crossword
NBA
Disney
Marvel
Kpop
Harry Potter
WWE
Song
Country
Puzzle
Pokémon
The Office
Soccer
NFL
Your Account Isn't Verified!
In order to create a playlist on Sporcle, you need to verify the email address you used during registration. Go to your
Sporcle Settings
to finish the process.
Report this User
Report this user for behavior that violates our
Community Guidelines
.
Details:
Send Report
Go to the Sporcle.com Mobile Site →
Comments